000
00217 a2200109 4500
020
_a
9780061228766
041
_a
spa
100
_a
Williams, Vera B
245
_a
Mas Mas Mas Dijo el Bebe
942
_c
BK
952
_7
1
999
_c
16596
_d
16596